000 00206nam a2200109Ia 4500
100 _a#N/A
942 _cBK
245 _aOpen Source Business Management
260 _b#N/A
546 _aENGLISH
999 _c23557
_d23557